Statistics for European Geography By Letter - E

Click here to take the quiz!

General Stats

  • This quiz has been taken 97,667 times
    (58,318 since last reset)
  • The average score is 12 of 20

Answer Stats

ClueAnswer% Correct
Tallest tower in ParisEiffel Tower
99%
Currency used by 20 countriesEuro
97%
One of four "countries" of the UKEngland
95%
Capital of ScotlandEdinburgh
94%
Baltic countryEstonia
94%
Spanish for SpainEspaña
81%
Body of water that separates
France and Britain
English Channel
75%
Irish for IrelandÉire
71%
Extremely active Sicilian volcanoMount Etna
70%
Country that existed from
1949–1990
East Germany
64%
Alpine spa town, known for
bottled water
Évian-les-Bains
56%
Able was Napoleon ere he saw this
Mediterranean island
Elba
48%
National animal of SwedenElk
47%
City near Düsseldorf and CologneEssen
45%
Former Anglo-Saxon kingdomEssex
42%
Capital of the aboveEast Berlin
39%
River that flows past DresdenElbe
38%
Tallest mountain in EuropeMount Elbrus
36%
Former Anglo-Saxon kingdomEast Anglia
25%
Greece's second largest island
by area or population
Euboea
10%

Score Distribution

Percentile by Number Answered

Percent of People with Each Score

Your Score History

You have not taken this quiz since the last reset